theHunter: Call of the Wild Animals - Statistics

General Stats
  • This quiz has been taken 88 times
  • The average score is 8 of 17
Answers on the Grid
Answers color-coded by a green-red scale on the quiz's grid according to % correct below.
Red Squirrel
Sambar Deer
Bobwhite Quail
Himalayan Elk
Side-Striped Jackal
Puddle Duck
Hazel Grouse
Mountain Goat
Mexican Bobcat
Red Muntjac Deer
Fennec Fox
Snow Leopard
Wild Dog
Cinnamon Teal
Greylag Goose
Jaguar
Snow Goose
Collared Peccary
Feral Pig
Muskox
Ferruginous duck
Hyena
Chital Deer
Blackbuck
Roosevelt Elk
Green-Winged Teal
Feral Sheep
Red Panda
Javan Rusa
Green Caiman
 
Answer Stats
Answer % Correct
Sambar Deer
75%
Mountain Goat
67%
Bobwhite Quail
64%
Snow Leopard
61%
Hazel Grouse
53%
Side-Striped Jackal
53%
Mexican Bobcat
50%
Cinnamon Teal
47%
Greylag Goose
47%
Red Muntjac Deer
44%
Feral Pig
42%
Roosevelt Elk
42%
Collared Peccary
36%
Blackbuck
28%
Green-Winged Teal
28%
Javan Rusa
28%
Ferruginous duck
14%
No matching quizzes found
Score Distribution
Percent of People with Each Score
Percentile by Number Answered
Your Score History
You have not taken this quiz